Normal view MARC view
  • Carrillo Puerto, Felipe,

Entry Nombre Personal

Number of records used in: 9

001 - NUMERO DE CONTROL

  • campo de control: 7491

003 - IDENTIFICADOR DE NUMERO DE CONTROL

  • campo de control: UPN

005 - FECHA Y HORA DE LA ÜLTIMA TRANSACCIÓN

  • campo de control: 20240411093746.0

008 - DATOS DE LONGITUD FIJA

  • campo de control de longitud fija: 240411n||acannaabn | aaa |d

035 ## - NUMERO DE CONTROL

  • Número de control: UPN10000007495

040 ## - FUENTE DE CATALOGACIÓN

  • Lenguaje de catalogación: spa
  • Agencia de transcripción: MX-MxUPN
  • Agencia original de catalogación: MX-MxUPN

046 ## - FECHAS CON CODIFICACIÓN ESPECIAL

  • Fuente del formato de fecha: $naf
  • Fecha de nacimiento: 1874?
  • Fecha de muerte: 19240103

100 1# - ENCABEZAMIENTO - NOMBRE PERSONAL

  • Nombre personal: Carrillo Puerto, Felipe,
  • Fechas asociadas con el nombre: 1872?-1924

670 ## - FUENTE EN LA QUE SE LOCALIZARON DATOS

  • Cita de la fuente: T
  • Información localizada: Diccionario Porrúa de historia, biografía y geografía de México

670 ## - FUENTE EN LA QUE SE LOCALIZARON DATOS

  • Cita de la fuente: LC, 11 abril 2024:
  • Información localizada: (Carrillo Puerto, Felipe, 1874?-1924)
  • Uniform Resource Identifier: https://lccn.loc.gov/n82056842

902 ## - CATALOGADOR

  • Catalogador: JMG/240596